[Event "CHN Team Women 2016"]
[Site "Wuxi CHN"]
[Date "2016.08.02"]
[Round "7.7"]
[Board "3"]
[White "Chen, Junping"]
[Black "Ha, Yihan"]
[Result "1-0"]
[WhiteElo "1817"]
[BlackElo "1355"]
[WhiteTeam "Guangdong"]
[BlackTeam "Qingdao"]
[WhiteFideId "8607001"]
[BlackFideId "8617120"]
[EventDate "2016.07.28"]

1. d4 Nf6 2. c4 e6 3. Nf3 Bb4+ 4. Bd2 Bxd2+ 5. Qxd2 d5 6. Nc3 O-O 7. e3 Qe7 8.
Bd3 dxc4 9. Bxc4 b6 10. O-O Bb7 11. Be2 Nbd7 12. Rac1 c5 13. Rfd1 Rfd8 14. Qc2
Rac8 15. Qb1 h6 16. h3 cxd4 17. Nxd4 Nc5 18. Bf3 Bxf3 19. Nxf3 Qb7 20. Nd4 Nce4
21. Nxe4 Nxe4 22. f3 Nf6 23. e4 Nh5 24. Nb5 Qb8 25. Rxc8 Rxc8 26. Nd6 Rd8 27. e5
Nf4 28. Qe4 Nd5 29. Rc1 Nf6 30. Qf4 Kh7 31. Nxf7 Rf8 32. Nd6 Nd5 33. Qe4+ Kg8
34. g3 h5 35. Qd4 1-0

[Event "CHN Team Women 2016"]
[Site "Wuxi CHN"]
[Date "2016.08.03"]
[Round "8.1"]
[Board "1"]
[White "Ju, Wenjun"]
[Black "Ren, Xiaoyi"]
[Result "1-0"]
[WhiteTitle "GM"]
[WhiteElo "2578"]
[BlackElo "2202"]
[WhiteTeam "Shanghai"]
[BlackTeam "Chengdu"]
[WhiteFideId "8603006"]
[BlackFideId "8608709"]
[EventDate "2016.07.28"]

1. Nf3 d5 2. d4 Bf5 3. c4 e6 4. Nc3 Nc6 5. a3 dxc4 6. Qa4 Nf6 7. Ne5 Nd5 8. Nxc6
Nxc3 9. Qxc4 Qd5 10. Qxc3 Qxc6 11. Qxc6+ bxc6 12. f3 c5 13. e4 Bg6 14. Be3 Rb8
15. O-O-O cxd4 16. Bxd4 c5 17. Be5 Rb7 18. Ba6 Rb6 19. Bc8 Be7 20. Bxg7 Bg5+ 21.
Kb1 Rg8 22. Be5 Bd8 23. Bd7+ Ke7 24. Ba4 Rb7 25. Bc6 f6 26. Bd6+ 1-0

[Event "CHN Team Women 2016"]
[Site "Wuxi CHN"]
[Date "2016.08.03"]
[Round "8.1"]
[Board "2"]
[White "Nie, Xin"]
[Black "Ni, Shiqun"]
[Result "0-1"]
[BlackTitle "WGM"]
[WhiteElo "2078"]
[BlackElo "2389"]
[WhiteTeam "Chengdu"]
[BlackTeam "Shanghai"]
[WhiteFideId "8605610"]
[BlackFideId "8608466"]
[EventDate "2016.07.28"]

1. d4 d5 2. c4 c6 3. Nf3 Nf6 4. e3 Bg4 5. Nc3 e6 6. Qb3 Qb6 7. Ne5 Bf5 8. c5 Qc7
9. h3 Nbd7 10. Nd3 Be7 11. Be2 O-O 12. Qd1 e5 13. O-O Ne4 14. g4 Nxc3 15. bxc3
Bxd3 16. Qxd3 e4 17. Qc2 f5 18. f4 exf3 19. Bxf3 fxg4 20. hxg4 Rf7 21. Qg2 Raf8
22. Bd2 Bg5 23. Be2 Nf6 24. Bd3 g6 25. c4 Qd7 26. cxd5 cxd5 27. Rf3 Nxg4 28.
Raf1 Rxf3 29. Rxf3 Rxf3 30. Qxf3 Qe6 31. c6 bxc6 32. Bb4 Qxe3+ 33. Kg2 Nf6 34.
Qxe3 Bxe3 35. Bc5 a5 36. Ba6 Nd7 37. Ba7 Bf4 38. Bb7 Bb8 39. Bc5 Nxc5 40. dxc5
Ba7 41. Bxc6 Bxc5 42. Ba4 Kg7 43. Kf3 h5 44. Kg3 g5 45. Bc6 Kg6 46. Kf3 g4+ 0-1

[Event "CHN Team Women 2016"]
[Site "Wuxi CHN"]
[Date "2016.08.03"]
[Round "8.1"]
[Board "3"]
[White "Zhang, Xiaowen"]
[Black "Li, Yunshan"]
[Result "1-0"]
[WhiteTitle "WGM"]
[BlackTitle "WFM"]
[WhiteElo "2364"]
[BlackElo "2045"]
[WhiteTeam "Shanghai"]
[BlackTeam "Chengdu"]
[WhiteFideId "8603219"]
[BlackFideId "8607664"]
[EventDate "2016.07.28"]

1. e4 e5 2. Nf3 Nf6 3. Nc3 Bb4 4. Nxe5 O-O 5. Be2 Re8 6. Nd3 Bxc3 7. dxc3 Nxe4
8. O-O d5 9. Nf4 c6 10. c4 dxc4 11. Bxc4 Bf5 12. Be3 Nd7 13. Re1 Ne5 14. Qxd8
Raxd8 15. Be2 b6 16. Rad1 Nf6 17. Rxd8 Rxd8 18. Bd1 h6 19. h3 c5 20. Kh2 Kf8 21.
Bxc5+ bxc5 22. Rxe5 Be4 23. Nh5 Nxh5 24. Bxh5 Bxc2 25. Rxc5 Be4 26. Rc4 Bb1 27.
a3 Ba2 28. Ra4 Rd2 29. b4 Bd5 30. Ra5 g6 31. Bg4 Be4 32. Kg3 Rd3+ 33. Bf3 Bxf3
34. gxf3 Rd7 35. Ra6 Ke7 36. b5 Kd8 37. a4 Kc7 38. f4 Kb7 39. f5 Rd5 40. Rf6
gxf5 41. Rxh6 Rd3+ 42. f3 Ra3 43. Ra6 Ra1 44. h4 Rh1 45. Rf6 Rg1+ 46. Kf4 Ra1
47. Rxf7+ Kb8 48. h5 Rxa4+ 49. Kg5 1-0

[Event "CHN Team Women 2016"]
[Site "Wuxi CHN"]
[Date "2016.08.03"]
[Round "8.2"]
[Board "1"]
[White "Xiao, Yiyi"]
[Black "Wang, Doudou"]
[Result "1/2-1/2"]
[WhiteTitle "WFM"]
[BlackTitle "WIM"]
[WhiteElo "2292"]
[BlackElo "2214"]
[WhiteTeam "Tianjing Chunhua"]
[BlackTeam "Hebei Ticai"]
[WhiteFideId "8606161"]
[BlackFideId "8603197"]
[EventDate "2016.07.28"]

1. d4 d5 2. c4 e6 3. Nf3 Nf6 4. g3 dxc4 5. Bg2 c5 6. O-O Nc6 7. Qa4 Bd7 8. Qxc4
b5 9. Qc3 b4 10. Qd3 Rc8 11. Nbd2 cxd4 12. Nxd4 Nxd4 13. Qxd4 Bc5 14. Qd3 O-O
15. b3 Bc6 16. Qxd8 Rfxd8 17. Bxc6 Rxc6 18. Nc4 Bd4 19. Rb1 Ne4 20. Bb2 Bxb2 21.
Rxb2 f6 22. f3 Nc3 23. Rc2 Nb5 24. Kf2 h5 25. Rfc1 Rdc8 26. Rd1 Na3 27. Nxa3
Rxc2 28. Nxc2 Rxc2 29. Rd4 a5 30. a3 bxa3 31. Ra4 1/2-1/2

[Event "CHN Team Women 2016"]
[Site "Wuxi CHN"]
[Date "2016.08.03"]
[Round "8.2"]
[Board "2"]
[White "Yang, Yijing"]
[Black "Zhang, Lanlin"]
[Result "1-0"]
[WhiteTitle "WCM"]
[WhiteElo "1985"]
[BlackElo "2150"]
[WhiteTeam "Hebei Ticai"]
[BlackTeam "Tianjing Chunhua"]
[WhiteFideId "8608601"]
[BlackFideId "8608032"]
[EventDate "2016.07.28"]

1. d4 d5 2. c4 e6 3. Nc3 Nf6 4. Bg5 Be7 5. e3 O-O 6. Nf3 Nbd7 7. Qc2 c6 8. Rd1
h6 9. Bh4 Re8 10. Bd3 dxc4 11. Bxc4 Nd5 12. Bg3 N7b6 13. Be2 Nb4 14. Qb1 N4d5
15. O-O Nxc3 16. bxc3 Nd5 17. Qb3 Qb6 18. Rc1 Qxb3 19. axb3 Nf6 20. Nd2 Bd7 21.
Bf3 g5 22. h3 h5 23. Be5 g4 24. hxg4 Nxg4 25. Bf4 f5 26. Nc4 Rec8 27. Rc2 Nf6
28. Ra1 Nd5 29. Be5 c5 30. Bxh5 b5 31. Na5 cxd4 32. Bxd4 Bf6 33. Bxf6 Nxf6 34.
Bf3 Rab8 35. b4 e5 36. Nb3 e4 37. Bd1 Rc7 38. Nc5 Bc8 39. Rd2 Rb6 40. Bb3+ Kg7
41. f3 a6 42. Kf2 Rbc6 43. Rd4 Rxc5 44. bxc5 Rxc5 45. c4 b4 46. Bc2 a5 47. Ba4
Be6 48. Bb5 b3 49. Rb1 a4 50. Bxa4 Bxc4 51. Bxb3 Bd3 52. Rh1 Rc3 53. Rb4 Rc7 54.
Kg3 1-0

[Event "CHN Team Women 2016"]
[Site "Wuxi CHN"]
[Date "2016.08.03"]
[Round "8.2"]
[Board "3"]
[White "Liu, Hongyan"]
[Black "Guo, Weibao"]
[Result "1-0"]
[WhiteElo "2071"]
[BlackElo "1684"]
[WhiteTeam "Tianjing Chunhua"]
[BlackTeam "Hebei Ticai"]
[WhiteFideId "8604789"]
[BlackFideId "8608440"]
[EventDate "2016.07.28"]

1. d4 d5 2. Bf4 Nf6 3. e3 c5 4. c3 Nc6 5. Nf3 Qb6 6. Qb3 c4 7. Qxb6 axb6 8. Nbd2
b5 9. Be2 Bf5 10. O-O e6 11. Nh4 Bg6 12. Nxg6 hxg6 13. h3 Be7 14. a3 Nh5 15. Bh2
f5 16. Rfb1 Kd7 17. b3 Ra7 18. bxc4 bxc4 19. a4 Bd6 20. Bxd6 Kxd6 21. Rb2 Nf6
22. f3 Kc7 23. e4 Rha8 24. Rab1 Nd8 25. Bd1 Ra5 26. exf5 exf5 27. Nf1 R8a6 28.
h4 Re6 29. Kf2 Raa6 30. Ng3 Re8 31. Ne2 Rae6 32. Rb5 Nh5 33. g3 R6e7 34. Rc5+
Nc6 35. Rbb5 1-0

[Event "CHN Team Women 2016"]
[Site "Wuxi CHN"]
[Date "2016.08.03"]
[Round "8.3"]
[Board "1"]
[White "Wang, Jue"]
[Black "Du, Yuxin"]
[Result "1-0"]
[WhiteTitle "WGM"]
[WhiteElo "2381"]
[BlackElo "2086"]
[WhiteTeam "Beijing Beiao"]
[BlackTeam "Shenzhen Qiyuan"]
[WhiteFideId "8604070"]
[BlackFideId "8610282"]
[EventDate "2016.07.28"]

1. e4 c6 2. d4 d5 3. e5 Bf5 4. Nf3 e6 5. Be2 c5 6. Be3 Qb6 7. Nc3 Qxb2 8. Nb5 c4
9. Nc7+ Kd7 10. Nxa8 Bxc2 11. Qc1 Ba3 12. O-O Nc6 13. Qd2 Nge7 14. Rfc1 Be4 15.
Qd1 Qb5 16. Nd2 Bg6 17. Rxc4 Qb2 18. Rcc1 Rxa8 19. Nb3 a5 20. Nc5+ Bxc5 21. Rxc5
Qa3 22. Rb5 Ra7 23. Rb3 1-0

[Event "CHN Team Women 2016"]
[Site "Wuxi CHN"]
[Date "2016.08.03"]
[Round "8.3"]
[Board "2"]
[White "Xu, Yuze"]
[Black "Wang, Yu A."]
[Result "0-1"]
[BlackTitle "IM"]
[WhiteElo "1820"]
[BlackElo "2359"]
[WhiteTeam "Shenzhen Qiyuan"]
[BlackTeam "Beijing Beiao"]
[WhiteFideId "8614466"]
[BlackFideId "8601097"]
[EventDate "2016.07.28"]

1. e4 e5 2. Nf3 Nc6 3. Bc4 Nf6 4. d4 exd4 5. O-O Nxe4 6. Re1 d5 7. Bxd5 Qxd5 8.
Nc3 Qh5 9. Nxe4 Be6 10. Bg5 Bd6 11. Nxd6+ cxd6 12. Bf4 Qc5 13. Ng5 O-O 14. Ne4
Qd5 15. Bxd6 Rfd8 16. Bf4 Bf5 17. Ng3 Bg6 18. a3 Rac8 19. Re2 f6 20. f3 d3 21.
cxd3 Nd4 22. Rf2 Nb3 23. Ra2 Nc5 24. b4 Nxd3 25. Rad2 Nxf2 26. Kxf2 Rc2 27. Qxc2
Bxc2 28. Rxd5 Rxd5 29. Ne2 Rd3 30. Bc1 Bd1 0-1

[Event "CHN Team Women 2016"]
[Site "Wuxi CHN"]
[Date "2016.08.03"]
[Round "8.3"]
[Board "3"]
[White "Liao, Rui"]
[Black "Wan, Qian"]
[Result "0-1"]
[WhiteElo "1837"]
[BlackElo "1637"]
[WhiteTeam "Beijing Beiao"]
[BlackTeam "Shenzhen Qiyuan"]
[WhiteFideId "8605637"]
[BlackFideId "8614296"]
[EventDate "2016.07.28"]

1. d4 d5 2. c4 e6 3. Nc3 Bb4 4. Nf3 Nf6 5. Bg5 h6 6. Bxf6 Bxc3+ 7. bxc3 Qxf6 8.
e3 O-O 9. Bd3 Nd7 10. O-O c6 11. e4 dxe4 12. Bxe4 Re8 13. Re1 Nf8 14. Qd3 Rd8
15. Rab1 Qf4 16. Ne5 Nd7 17. Nxd7 Rxd7 18. g3 Qc7 19. f4 Rd8 20. Qf3 Bd7 21. g4
Rf8 22. g5 f5 23. Bd3 hxg5 24. fxg5 g6 25. c5 Kg7 26. Bc4 Rae8 27. Re5 Re7 28.
Rbe1 Qc8 29. Qf4 Kf7 30. h4 Rh8 31. Kf2 b6 32. cxb6 axb6 33. Rh1 Kg7 34. Rhe1
Kf7 35. Kg3 Qd8 36. Qf3 Qb8 37. Qf4 Qd8 38. Rh1 Kg7 39. Qf3 Qe8 40. Qf4 Qd8 41.
Be2 Qe8 42. Bd1 Qa8 43. Bb3 Qc8 44. Qf3 Qe8 45. Rhe1 Kf7 46. h5 Rxh5 47. Rxf5+
Kg7 48. Rfe5 Rf7 49. Qg4 Rf5 50. Bxe6 Bxe6 51. Rxe6 Qb8+ 52. R1e5 Rhxg5 53. Re7+
Kh6 54. Re8 Rxg4+ 55. Kxg4 Qc7 56. R8e7 Qd8 57. R5e6 Qf8 58. Re8 Rg5+ 59. Kh3
Qf3+ 0-1

[Event "CHN Team Women 2016"]
[Site "Wuxi CHN"]
[Date "2016.08.03"]
[Round "8.4"]
[Board "1"]
[White "Yao, Lan"]
[Black "Guo, Qi"]
[Result "1/2-1/2"]
[BlackTitle "IM"]
[WhiteElo "2131"]
[BlackElo "2417"]
[WhiteTeam "Qingdao"]
[BlackTeam "Jiangsu Lvyang"]
[WhiteFideId "8610835"]
[BlackFideId "8604002"]
[EventDate "2016.07.28"]

1. e4 c6 2. d4 d5 3. f3 dxe4 4. fxe4 e5 5. Nf3 Be6 6. c3 Nf6 7. Bd3 Nbd7 8. O-O
h6 9. Qe1 Bd6 10. Nbd2 O-O 11. Qh4 Re8 12. Kh1 Bc7 13. Bc2 Ng4 14. Qxd8 Raxd8
15. Re1 Nf8 16. h3 Nf6 17. Nxe5 Bxe5 18. dxe5 N6d7 19. Nf3 Ng6 20. Be3 b6 21.
Ba4 Ndxe5 22. Nxe5 Nxe5 23. Bd4 Nd3 24. Re3 Nxb2 25. Bxc6 Re7 26. Rg3 g5 27. Bf6
Rc7 28. Bxd8 Rxc6 29. Bf6 Kh7 30. Bd4 Nc4 31. Rd3 Nd6 32. Re3 Nc4 33. Re2 Na3
34. Rf2 Nc4 35. Kh2 Rc7 36. Rd1 Rd7 37. Re2 Na3 38. Rf2 Nc4 39. Kg1 Kg8 40. Rff1
Nb2 41. Rb1 Nc4 42. Rfd1 Kh7 43. Kh2 Kg6 44. Kg1 Nd6 45. Be5 Nxe4 46. Rxd7 Bxd7
47. Rb4 Kf5 48. Bd4 b5 49. Rb1 h5 50. Rf1+ Ke6 51. Rd1 a5 52. Kf1 f5 53. Bg7 a4
54. Ke2 Bc6 55. Ke3 f4+ 56. Ke2 Bd5 57. a3 g4 58. hxg4 hxg4 59. Kf1 Ng3+ 60. Kf2
Ne4+ 61. Kf1 Bc4+ 62. Kg1 f3 63. gxf3 gxf3 64. Bd4 Be2 65. Rb1 Kd5 66. Rb4 Kc6
67. Rb2 Kd6 68. Rb1 Ke6 69. Rb2 Kf5 70. Rb4 Kf4 71. Bf2 Bc4 72. Bd4 Ng5 73. Rb2
Ke4 74. Rd2 Ne6 75. Bf2 Bd3 76. Rb2 Nf4 77. Bd4 Be2 78. Rd2 Bc4 79. Kf2 Nd5 80.
Rd1 Be2 81. Rd2 Nf4 82. Kg3 Ne6 83. Kf2 Bd3 84. Be3 Nd8 85. Bb6 Nc6 86. Bc7 Ne7
87. Bb6 Nf5 88. Bc5 Nh6 89. Kg3 Nf5+ 90. Kf2 Ng7 91. Rd1 Ne6 92. Be3 Nc7 93. Rh1
Be2 94. Rh5 Ne6 95. Bb6 Ng7 96. Rg5 Ne8 97. Rg8 Nd6 98. Rd8 Nf5 99. Bc5 Ke5 100.
Bb6 Ke6 101. Bc5 Ke5 102. Bb6 Nh6 103. Rd4 Nf7 104. Bc7+ Ke6 105. Bf4 Kf5 106.
Bg3 Ng5 107. Rd5+ Kg6 108. Rxg5+ Kxg5 109. Bd6 Kf5 110. Ke3 Ke6 111. Bb4 Kd5
112. Ba5 Kc4 113. Bb4 Kb3 114. Kf2 Kc4 115. Ke3 Kb3 116. Kf2 Kc4 117. Ke3 Kd5 1/2-1/2

[Event "CHN Team Women 2016"]
[Site "Wuxi CHN"]
[Date "2016.08.03"]
[Round "8.4"]
[Board "2"]
[White "Yuan, Ye"]
[Black "Hong, Xing"]
[Result "1/2-1/2"]
[WhiteElo "2175"]
[BlackElo "2002"]
[WhiteTeam "Jiangsu Lvyang"]
[BlackTeam "Qingdao"]
[WhiteFideId "8608415"]
[BlackFideId "8606129"]
[EventDate "2016.07.28"]

1. d4 c5 2. d5 e5 3. Nc3 d6 4. e4 Be7 5. Nf3 Bg4 6. Be2 Bxf3 7. Bxf3 Bg5 8. Bxg5
Qxg5 9. Qe2 a6 10. a4 Qd8 11. g3 Ne7 12. Bg2 O-O 13. O-O f5 14. exf5 Nxf5 15.
Ne4 h6 16. Qd3 Qc7 17. b3 Nd7 18. c3 Ne7 19. Nd2 b6 20. Rae1 Qb7 21. f4 Rae8 22.
fxe5 Rxf1+ 23. Nxf1 Nxe5 24. Rxe5 dxe5 25. d6 Qd7 26. Qc4+ Kh8 27. dxe7 Qxe7 28.
Be4 Rf8 29. Ne3 Qg5 30. Qe2 b5 31. Kg2 bxa4 32. bxa4 Rb8 33. h4 Qd8 34. Nd5 Qd6
35. h5 a5 36. c4 Qd7 37. Bc2 Rb2 38. Qe4 Kg8 39. Qh7+ Kf8 40. Kg1 Qf7 41. g4 Ra2
42. Ne3 Ra1+ 43. Kg2 Qb7+ 44. Kf2 Ra2 45. Kg3 Ra3 46. Qh8+ Kf7 47. Bg6+ Ke6 48.
Bf5+ Kf7 49. Bg6+ Ke6 50. Qe8+ Kd6 51. Kf2 Ra2+ 52. Bc2 Qe4 53. Qd8+ Ke6 54.
Qd5+ Qxd5 55. cxd5+ Kd6 56. Kf3 Ra3 57. Ke4 Rc3 58. Bd3 Kc7 59. Bb5 Rc1 60. Kxe5
Re1 61. Kf4 Kd6 62. Bc4 Rc1 63. Nf5+ Kc7 64. Bb5 c4 65. d6+ Kd8 66. Nxg7 Rf1+
67. Ke5 Re1+ 68. Kd5 Rd1+ 69. Kc5 c3 70. Ne6+ Kc8 71. d7+ Kb8 72. Nd4 Kc7 73.
Ne6+ Kb8 74. Nd4 Kc7 75. Ne6+ 1/2-1/2

[Event "CHN Team Women 2016"]
[Site "Wuxi CHN"]
[Date "2016.08.03"]
[Round "8.4"]
[Board "3"]
[White "Ha, Yihan"]
[Black "Hu, Yue"]
[Result "0-1"]
[WhiteElo "1355"]
[BlackElo "1893"]
[WhiteTeam "Qingdao"]
[BlackTeam "Jiangsu Lvyang"]
[WhiteFideId "8617120"]
[BlackFideId "8610339"]
[EventDate "2016.07.28"]

1. d4 Nf6 2. c4 g6 3. Nc3 Bg7 4. Nf3 O-O 5. g3 d6 6. Bg2 Nc6 7. O-O e5 8. dxe5
dxe5 9. Bg5 Be6 10. Qa4 h6 11. Rfd1 Qc8 12. Be3 Bh3 13. Nd5 Kh7 14. Bc5 Rd8 15.
Bxh3 Qxh3 16. Nxc7 e4 17. Nd2 Rxd2 18. Rxd2 Ng4 19. e3 Nce5 20. f4 Nf3+ 21. Kh1
Nxd2 0-1

[Event "CHN Team Women 2016"]
[Site "Wuxi CHN"]
[Date "2016.08.03"]
[Round "8.5"]
[Board "1"]
[White "Zhou, Zirun"]
[Black "Qiu, Mengjie"]
[Result "1/2-1/2"]
[BlackTitle "WFM"]
[WhiteElo "1938"]
[BlackElo "2231"]
[WhiteTeam "Shanxi Huxiaoling"]
[BlackTeam "Zhejiang Feiao"]
[WhiteFideId "8610975"]
[BlackFideId "8606137"]
[EventDate "2016.07.28"]

1. e4 c6 2. d4 d5 3. Nd2 dxe4 4. Nxe4 Bf5 5. Ng3 Bg6 6. h4 h6 7. Nf3 e6 8. Bd3
Bxd3 9. Qxd3 Nf6 10. Bd2 Be7 11. O-O-O c5 12. Ne4 Nc6 13. Nxc5 Bxc5 14. dxc5
Qxd3 15. cxd3 O-O-O 16. Be3 Rd5 17. d4 Rhd8 18. a3 a5 19. b3 Ng4 20. Kc2 e5 21.
dxe5 Nxe3+ 22. fxe3 Rxc5+ 23. Kb2 Nxe5 24. Rxd8+ Kxd8 25. Rd1+ Ke7 26. b4 axb4
27. axb4 Rb5 28. Kc3 Nxf3 29. gxf3 Rf5 30. f4 Rh5 31. Rg1 g6 32. Rg4 Rd5 33. e4
Rd1 34. h5 Kf6 35. hxg6 fxg6 36. Rh4 h5 37. Kc4 Rg1 38. Rh2 Rg4 39. Rf2 h4 40.
Kd5 h3 41. b5 Rh4 42. Rh2 Rh6 43. e5+ Kf5 44. e6 Rh8 45. e7 Kg4 46. Kd6 Kg3 47.
Rh1 Kg2 48. Rb1 h2 49. Kd7 Kg3 50. Rh1 Kg2 51. Rb1 1/2-1/2

[Event "CHN Team Women 2016"]
[Site "Wuxi CHN"]
[Date "2016.08.03"]
[Round "8.5"]
[Board "2"]
[White "Zhu, Jiner"]
[Black "Zhang, Xiao"]
[Result "0-1"]
[WhiteElo "2177"]
[BlackElo "1877"]
[WhiteTeam "Zhejiang Feiao"]
[BlackTeam "Shanxi Huxiaoling"]
[WhiteFideId "8608059"]
[BlackFideId "8610894"]
[EventDate "2016.07.28"]

1. e4 c6 2. d4 d5 3. e5 Bf5 4. Be3 e6 5. Nd2 Qb6 6. Nb3 Nd7 7. Nf3 Bg4 8. Be2
Ne7 9. h3 Bxf3 10. Bxf3 Nf5 11. O-O Be7 12. c3 c5 13. Nxc5 Nxc5 14. dxc5 Bxc5
15. Qa4+ Ke7 16. Bg5+ f6 17. exf6+ gxf6 18. Bf4 Qc6 19. Qd1 Nh4 20. Re1 Nxf3+
21. Qxf3 d4 22. Qd3 Rag8 23. Bg3 dxc3 24. Qxc3 Rg5 25. Rac1 Rhg8 26. Kh1 Rh5 27.
Kg1 Rhg5 28. Kh1 Rh5 29. Kg1 Rhg5 30. Kf1 Rf5 31. Re2 Qd5 32. Rce1 e5 33. Rd2
Rxg3 34. Qxg3 Qxd2 35. Qg7+ Kd8 36. Qg8+ Kc7 37. Qxh7+ Qd7 38. Qxd7+ Kxd7 39.
Re2 0-1

[Event "CHN Team Women 2016"]
[Site "Wuxi CHN"]
[Date "2016.08.03"]
[Round "8.5"]
[Board "3"]
[White "Zhang, Yuxuan"]
[Black "Huang, Mofei"]
[Result "1/2-1/2"]
[WhiteElo "1864"]
[BlackElo "1963"]
[WhiteTeam "Shanxi Huxiaoling"]
[BlackTeam "Zhejiang Feiao"]
[WhiteFideId "8610908"]
[BlackFideId "8609535"]
[EventDate "2016.07.28"]

1. e4 c6 2. d4 d5 3. Nd2 dxe4 4. Nxe4 Nf6 5. Ng3 e5 6. Nf3 exd4 7. Nxd4 Bc5 8.
Be3 O-O 9. Be2 Nd5 10. O-O Nxe3 11. fxe3 Qe7 12. Qd3 Na6 13. c3 Bb6 14. Rf3 Bg4
15. Ngf5 Bxf5 16. Qxf5 Nc5 17. Bc4 Ne4 18. Bd3 Rae8 19. a4 g6 20. Qxe4 Qxe4 21.
Bxe4 Rxe4 22. a5 Bd8 23. a6 c5 24. axb7 Bc7 25. Nb5 Bb8 26. Nxa7 Re7 27. Nc6
Rxb7 28. Nxb8 Rfxb8 29. Ra5 Rxb2 30. Rxc5 Rc2 31. h3 1/2-1/2

[Event "CHN Team Women 2016"]
[Site "Wuxi CHN"]
[Date "2016.08.03"]
[Round "8.6"]
[Board "1"]
[White "Ning, Kaiyu"]
[Black "Xu, Fei"]
[Result "1/2-1/2"]
[WhiteElo "1820"]
[BlackElo "1937"]
[WhiteTeam "Henan Qixie"]
[BlackTeam "Heilongjiang Qipai"]
[WhiteFideId "8614750"]
[BlackFideId "8606099"]
[EventDate "2016.07.28"]

1. e4 c5 2. Nf3 Nc6 3. d4 cxd4 4. Nxd4 g6 5. c4 Bg7 6. Be3 Nf6 7. Nc3 O-O 8. Be2
d6 9. O-O Bd7 10. f3 Nxd4 11. Bxd4 Bc6 12. Rc1 Nd7 13. Bxg7 Kxg7 14. Qd4+ Kg8
15. Rfd1 Qb6 16. Qxb6 Nxb6 17. b4 Rac8 18. Kf2 Rfd8 19. h4 Bd7 20. Nd5 Nxd5 21.
Rxd5 Kg7 22. Rd2 b6 23. c5 Ba4 24. Ke3 dxc5 25. Rxd8 Rxd8 26. bxc5 Rc8 27. Kd4
Rd8+ 28. Ke3 Rc8 29. Kd4 Rd8+ 30. Ke3 Rc8 31. Kd4 1/2-1/2

[Event "CHN Team Women 2016"]
[Site "Wuxi CHN"]
[Date "2016.08.03"]
[Round "8.6"]
[Board "2"]
[White "Hu, Yu A."]
[Black "Cai, Youyang"]
[Result "1/2-1/2"]
[WhiteElo "1934"]
[BlackElo "1791"]
[WhiteTeam "Heilongjiang Qipai"]
[BlackTeam "Henan Qixie"]
[WhiteFideId "8609993"]
[BlackFideId "8616930"]
[EventDate "2016.07.28"]

1. c4 f5 2. d4 e6 3. Nc3 Nf6 4. g3 d5 5. Bg2 c6 6. Nf3 Bd6 7. Bg5 Nbd7 8. b3 h6
9. Bf4 Bxf4 10. gxf4 O-O 11. O-O Ne4 12. Qd3 b6 13. cxd5 cxd5 14. Rac1 a5 15.
Nb5 Ba6 16. Rc6 Qe7 17. Rfc1 Rfc8 18. a4 Ndf6 19. Ne5 Qb4 20. Qc2 Bb7 21. Rc7
Ne8 22. Nc6 Bxc6 23. Rxc6 N4d6 24. Na7 Rxa7 25. Rxc8 Nxc8 26. Qxc8 Kf7 27. Bf3
Nf6 28. Rc7+ Rxc7 29. Qxc7+ Kg6 30. Qe5 Kf7 31. Qc7+ Kg6 32. Qe5 Kf7 33. Qc7+
Kg6 34. Qe5 1/2-1/2

[Event "CHN Team Women 2016"]
[Site "Wuxi CHN"]
[Date "2016.08.03"]
[Round "8.6"]
[Board "3"]
[White "Bai, Xue"]
[Black "Jiang, Zhaoyi"]
[Result "1-0"]
[BlackTitle "WCM"]
[WhiteElo "1762"]
[BlackElo "1835"]
[WhiteTeam "Henan Qixie"]
[BlackTeam "Heilongjiang Qipai"]
[WhiteFideId "8608717"]
[BlackFideId "8611050"]
[EventDate "2016.07.28"]

1. e4 c6 2. d4 d5 3. Nd2 dxe4 4. Nxe4 Nd7 5. Nf3 Ngf6 6. Nxf6+ Nxf6 7. Bc4 Bf5
8. O-O e6 9. Bf4 Bd6 10. Bxd6 Qxd6 11. c3 O-O 12. Nh4 Bg4 13. Be2 Bxe2 14. Qxe2
Rfe8 15. Nf3 Rad8 16. Qe5 Qd5 17. b3 Ng4 18. Qxd5 exd5 19. Rfe1 Nf6 20. g3 g6
21. h3 Nd7 22. Kf1 f6 23. Re2 Rxe2 24. Kxe2 Kf7 25. Kd3 Re8 26. Re1 Re6 27. g4
Rxe1 28. Nxe1 Ke7 29. f4 Nf8 30. Ke3 Nd7 31. Nd3 Kd6 32. a4 b6 33. b4 Ke6 34.
f5+ gxf5 35. Nf4+ Kd6 36. gxf5 a5 37. Ne6 Ke7 38. Kf4 Nf8 39. Ng7 Kf7 40. Nh5
Nd7 41. Ng3 Kg7 42. Nf1 Nb8 43. Nd2 axb4 44. cxb4 Na6 45. a5 b5 46. Nb3 c5 47.
Nxc5 1-0

[Event "CHN Team Women 2016"]
[Site "Wuxi CHN"]
[Date "2016.08.03"]
[Round "8.7"]
[Board "1"]
[White "Xie, Libeilei"]
[Black "Li, Xueyi"]
[Result "0-1"]
[WhiteElo "1534"]
[BlackElo "2176"]
[WhiteTeam "Shaanxi"]
[BlackTeam "Guangdong"]
[WhiteFideId "8610762"]
[BlackFideId "8605912"]
[EventDate "2016.07.28"]

1. e4 c5 2. Nf3 d6 3. d4 cxd4 4. Nxd4 Nf6 5. Nc3 a6 6. Be3 e5 7. Nb3 Be6 8. f4
Ng4 9. Qf3 Nxe3 10. Qxe3 exf4 11. Qxf4 Be7 12. Nd4 O-O 13. Nxe6 fxe6 14. Qg4 Qc8
15. e5 d5 16. Bd3 Nc6 17. Qh5 h6 18. h4 Nb4 19. O-O-O Nxd3+ 20. Rxd3 Rf5 21. Qg6
Bf8 22. Rf3 Rxf3 23. gxf3 Qe8 24. Rg1 Qxg6 25. Rxg6 Kf7 26. h5 Rc8 27. f4 d4 28.
Ne4 d3 29. c3 Rc4 30. Nd6+ Bxd6 31. exd6 Rc5 32. d7 Rd5 33. Kd2 Rxd7 34. a4 Rd5
35. Rg3 Rxh5 36. Kxd3 Kf6 37. Ke4 Rh4 38. Ke3 g5 39. fxg5+ hxg5 40. a5 Kf5 41.
b4 g4 42. c4 Rh3 43. Kf2 Rh2+ 44. Rg2 Rxg2+ 45. Kxg2 Ke5 46. b5 Kd4 47. bxa6
bxa6 48. Kg3 Kxc4 49. Kxg4 Kb4 50. Kf4 Kxa5 51. Ke5 Kb4 52. Kxe6 a5 53. Ke5 0-1

[Event "CHN Team Women 2016"]
[Site "Wuxi CHN"]
[Date "2016.08.04"]
[Round "9.1"]
[Board "1"]
[White "Ju, Wenjun"]
[Black "Zhou, Zirun"]
[Result "1-0"]
[WhiteTitle "GM"]
[WhiteElo "2578"]
[BlackElo "1938"]
[WhiteTeam "Shanghai"]
[BlackTeam "Shanxi Huxiaoling"]
[WhiteFideId "8603006"]
[BlackFideId "8610975"]
[EventDate "2016.07.28"]

1. d4 Nf6 2. c4 g6 3. g3 Bg7 4. Bg2 O-O 5. Nc3 d6 6. Nf3 c5 7. O-O Nc6 8. d5 Na5
9. Nd2 Rb8 10. Qc2 a6 11. a4 e5 12. b3 Nh5 13. e4 f5 14. exf5 gxf5 15. Bb2 Bd7
16. Ne2 b6 17. f4 Nb7 18. Rae1 Re8 19. fxe5 dxe5 20. Nc1 Re7 21. Rxf5 Bxf5 22.
Qxf5 Qe8 23. Ne4 Qg6 24. Qxg6 hxg6 25. Nd3 Rd8 26. Bh3 Nd6 27. Nxd6 Rxd6 28.
Nxe5 Bf6 29. Be6+ Kh7 30. Rf1 Rdxe6 31. dxe6 Rxe6 32. Re1 Ng7 33. Bc3 Nf5 34.
Nf3 Bd4+ 35. Nxd4 Rxe1+ 36. Bxe1 Nxd4 37. Kf2 Nxb3 38. Bc3 Kg8 39. Ke2 Kf7 40.
Kd1 Ke6 41. Kc2 Nd4+ 42. Bxd4 cxd4 43. Kd3 Ke5 44. h4 Kf5 45. Kxd4 Kg4 46. a5
bxa5 47. c5 Kf5 48. g4+ 1-0